Statystyki dla Państwa, które łowią najwięcej ryb

Kliknij tutaj aby rozwiązać quiz!

Ogólne statystyki

  • Ten quiz został rozwiązany 14 256 razy
  • Średni wynik to 13 z 20

Statystyki odpowiedzi

TonyKraj% Poprawnych
4,90 mlnStany Zjednoczone
95%
15,2 mlnChiny
93%
4,47 mlnRosja
91%
3,17 mlnJaponia
89%
831 tys.Kanada
88%
2,03 mlnNorwegia
86%
3,60 mlnIndie
82%
1,31 mlnMeksyk
75%
6,11 mlnIndonezja
69%
1,38 mlnKorea Południowa
64%
1,07 mlnIslandia
62%
1,50 mlnChile
59%
1,34 mlnTajlandia
52%
2,68 mlnWietnam
51%
1,87 mlnFilipiny
48%
1,57 mlnMalezja
46%
3,77 mlnPeru
38%
905 tys.Bangladesz
32%
1,43 mlnMaroko
32%
1,19 mlnMjanma
30%

Rozkład punktacji

Percentyl według liczby udzielonych odpowiedzi

Procent ludzi z każdym wynikiem

Twoja historia wyników

Nie rozwiązałeś tego quizu